[Event "BLR-ch U20"]
[Site "Minsk"]
[Date "2005.04.13"]
[Round "6"]
[White "Glyzin, Yury"]
[Black "Garaev, Sergei"]
[Result "1/2-1/2"]
[WhiteElo "2211"]
[BlackElo "2293"]
[PlyCount "87"]
[EventDate "2005.04.08"]
[EventType "tourn"]
[EventRounds "9"]
[EventCountry "BLR"]
[EventCategory "2"]
[SourceTitle "CBM 105 Extra"]
[Source "ChessBase"]
[SourceDate "2005.05.01"]
[SourceVersion "1"]
[SourceVersionDate "2005.05.01"]
[SourceQuality "1"]

1. Nf3 Nf6 2. c4 Nc6 3. Nc3 e5 4. e3 d6 5. d4 g6 6. Be2 Bg7 7. b3 0-0 8. Bb2 Bg4 9. d5 Ne7 10. Nd2 Bd7 11. Qc2 Ne8 12. 0-0-0 f5 13. f4 c5 14. h3 a6 15. a4 Rb8 16. Ndb1 Nc7 17. Na3 Nc8 18. Rdf1 Na7 19. g4 exf4 20. exf4 b5 21. axb5 axb5 22. cxb5 Naxb5 23. Ncxb5 Bxb2+ 24. Qxb2 Nxb5 25. Nxb5 Bxb5 26. gxf5 Bxe2 27. Qxe2 Rxf5 28. Kc2 Qf6 29. Rf3 Rxd5 30. Re1 Ra8 31. Qe6+ Qxe6 32. Rxe6 Kf7 33. Rfe3 Ra2+ 34. Kc3 Rdd2 35. Kc4 Rd4+ 36. Kc3 Rf2 37. Re7+ Kf6 38. Rxh7 Rfxf4 39. Rd7 Rf1 40. Rd8 Rc1+ 41. Kb2 Rcd1 42. Rf3+ Kg5 43. Rg3+ Kh4 44. Rxg6 1/2-1/2